Type 1234567890qwertyuiopasdfghjklzxcvbnm! 15 Second Sprint - Statistics

General Stats
  • This quiz has been taken 576 times
  • The average score is 31 of 36
Answer Stats
Hint Answer % Correct
2 2
99%
3 3
99%
1 1
98%
4 4
98%
5 5
98%
6 6
97%
7 7
96%
8 8
96%
9 9
96%
q q
94%
w w
93%
e e
91%
0 0
89%
r r
89%
t t
89%
u u
89%
i i
88%
o o
87%
y y
87%
p p
85%
a a
84%
s s
84%
d d
83%
j j
82%
f f
81%
g g
80%
h h
80%
k k
79%
z z
77%
l l
76%
c c
74%
x x
74%
v v
73%
b b
72%
m m
70%
n n
70%
No matching quizzes found
Score Distribution
Percent of People with Each Score
Percentile by Number Answered
Your Score History
You have not taken this quiz